Google hacks : [100 industrial-strength tips & tools] /

Bibliographic Details
Main Author: Calishain, Tara
Other Authors: Dornfest, Rael
Format: Book
Language:English
Published: Sebastopol, CA : O'Reilly, 2003.
Subjects:

MARC

Tag First Indicator Second Indicator Subfields
LEADER 00000cam a2200000 a 4500
001 in00001790607
005 20151025124004.0
008 030626s2003 caua 001 0 eng d
010 |a  2003271658 
020 |a 0596004478 
035 |a (OCoLC)ocm51925851 
040 |a VTT  |c VTT  |d DLC  |d UtOrBLW 
042 |a lccopycat 
049 |a TXAM 
050 0 0 |a TK5105.885.G66  |b C35 2003 
082 0 0 |a 025.04  |2 22 
100 1 |a Calishain, Tara. 
245 1 0 |a Google hacks :  |b [100 industrial-strength tips & tools] /  |c Tara Calishain and Rael Dornfest. 
264 1 |a Sebastopol, CA :  |b O'Reilly,  |c 2003. 
300 |a xxi, 329 pages :  |b illustrations ;  |c 23 cm. 
336 |a text  |b txt  |2 rdacontent 
337 |a unmediated  |b n  |2 rdamedia 
338 |a volume  |b nc  |2 rdacarrier 
500 |a Subtitle from cover. 
500 |a Includes index. 
505 0 |a Searching Google -- Google special services and collections -- Third-party Google services -- Non-API Google applications -- Introducing the Google Web API -- Google Web applications -- Google pranks and games -- The Webmaster side of Google. 
630 0 0 |a Google. 
650 0 |a Web search engines. 
650 0 |a Internet programming. 
650 0 |a Computer software  |x Reusability. 
700 1 |a Dornfest, Rael. 
994 |a E0  |b TXA 
948 |a cataloged  |b h  |c 2004/1/16  |d c  |e blrosas  |f 12:19:21 pm 
999 |a MARS 
999 f f |s 67d9adf3-06e5-39f5-acae-144615e8c8ec  |i 3e01b9c5-46d5-3da1-b46c-e1a36c5f181c  |t 0 
952 f f |p ric  |a Texas A&M University  |b Rellis Campus  |c Joint Library Facility  |d Remote Storage  |t 0  |e TK5105.885.G66 C35 2003  |h Library of Congress classification  |i unmediated -- volume  |m A14831223531 
998 f f |a TK5105.885.G66 C35 2003  |t 0  |l Remote Storage